[Event "Mercredi 2010.11.17 ABCD"]
[Site "Montreal CAN"]
[Date "2010.12.01"]
[Round "3"]
[White "Gauthier, Luc"]
[Black "Baran, Marius"]
[Result "1/2-1/2"]
[WhiteElo "1765"]
[BlackElo "1662"]
[PlyCount "112"]
[EventDate "2010.11.17"]
[EventType "swiss"]
[EventRounds "5"]
[EventCountry "CAN"]

1. e4 b6 2. d4 Bb7 3. Bd3 e6 4. Nf3 c5 5. c3 Nf6 6. Qe2 Be7 7. O-O d6 8. Nbd2
Qc7 9. Re1 O-O 10. Nf1 cxd4 11. cxd4 Nc6 12. Bd2 Rac8 13. Rac1 Qb8 14. e5 Nd5
15. Qe4 g6 16. Bh6 Rfd8 17. Ng3 Ndb4 18. exd6 Qxd6 19. Bb1 Qd5 20. Qxd5 Nxd5
21. Be4 Bf6 22. Be3 Nce7 23. Bg5 Bxg5 24. Nxg5 Rxc1 25. Rxc1 Rc8 26. Rxc8+ Bxc8
27. Ne2 Ba6 28. Nc3 Nxc3 29. bxc3 Bc4 30. a3 Nd5 31. Bxd5 Bxd5 32. f3 f5 33. h4
Kg7 34. Kf2 h6 35. Nh3 Kf6 36. Nf4 g5 37. hxg5+ hxg5 38. Nd3 Ke7 39. Ne5 Kf6
40. Ke3 Kg7 41. c4 Bb7 42. g3 Kf6 43. f4 g4 44. c5 bxc5 45. dxc5 Ke7 46. Kd4
Be4 47. Nc4 Kd7 48. Nd6 Bd5 49. Nb5 a6 50. Nc3 Bb3 51. Ne2 Kc6 52. Nc1 Bd5 53.
Nd3 Bb3 54. Nb4+ Kb7 55. Kc3 Bd5 56. Kd4 Bb3 1/2-1/2

[Event "Mercredi 2010.11.17 ABCD"]
[Site "Montreal CAN"]
[Date "2010.12.01"]
[Round "3"]
[White "Le Bas, Nicolas"]
[Black "Frangulian, Eric"]
[Result "0-1"]
[WhiteElo "1567"]
[BlackElo "1511"]
[PlyCount "62"]
[EventDate "2010.11.17"]
[EventType "swiss"]
[EventRounds "5"]
[EventCountry "CAN"]

1. e4 e6 2. d4 d5 3. Nc3 Bb4 4. Nge2 dxe4 5. a3 Bxc3+ 6. Nxc3 Nc6 7. Be3 Nf6 8.
g4 Nd5 9. Nxe4 Nxe3 10. fxe3 Qh4+ 11. Ng3 Bd7 12. Qf3 e5 13. Be2 exd4 14. O-O-O
Qg5 15. Qe4+ Be6 16. Nf5 O-O-O 17. h4 Bxf5 18. Qxf5+ Qxf5 19. gxf5 dxe3 20. Rh3
Rhe8 21. Re1 Rd5 22. Bg4 Kd8 23. Rhxe3 Rxe3 24. Rxe3 Re5 25. Rg3 Ke7 26. Bh3
Kf6 27. Rd3 Ne7 28. Rd7 Rc5 29. b4 Rc4 30. Bf1 Rxh4 31. Rxc7 Rh1 0-1

[Event "Mercredi 2010.11.17 ABCD"]
[Site "Montreal CAN"]
[Date "2010.12.01"]
[Round "3"]
[White "Luo, Zhao Yang"]
[Black "Giroux, Robert"]
[Result "0-1"]
[WhiteElo "1963"]
[BlackElo "1983"]
[PlyCount "130"]
[EventDate "2010.11.17"]
[EventType "swiss"]
[EventRounds "5"]
[EventCountry "CAN"]

1. d4 Nf6 2. c4 e6 3. Nf3 Bb4+ 4. Bd2 Qe7 5. Qc2 Nc6 6. e3 O-O 7. a3 Bxd2+ 8.
Nbxd2 a5 9. Bd3 d6 10. O-O e5 11. d5 Nb8 12. b4 Na6 13. Rab1 h6 14. Rfc1 Bg4
15. Bf1 Bd7 16. c5 Nxd5 17. e4 Nf6 18. Bxa6 Rxa6 19. b5 Raa8 20. cxd6 cxd6 21.
Qc7 Rfb8 22. Nc4 Ne8 23. Qb6 Qd8 24. Rd1 Be6 25. Qxd8 Rxd8 26. Nb6 Rab8 27. Rd3
f5 28. Nd2 fxe4 29. Nxe4 d5 30. Rbd1 Nc7 31. a4 d4 32. Rg3 Na8 33. Nc5 Bf5 34.
Nxa8 Rxa8 35. Nxb7 Bc2 36. Nxd8 Bxd1 37. Nc6 Bxa4 38. Nxe5 Bxb5 39. f4 a4 40.
Ra3 Rc8 41. Kf2 Rc2+ 42. Kg1 Rc1+ 43. Kf2 Rf1+ 44. Kg3 Rb1 45. Kf2 Rb3 46. Ra1
a3 47. Ke1 Re3+ 48. Kd1 Rc3 49. Kd2 Ba4 50. Nf3 Rc2+ 51. Kd3 a2 52. Nxd4 Rxg2
53. h4 Be8 54. Kc3 Bf7 55. f5 Bd5 56. Nc2 Rh2 57. Rd1 Be4 58. Na1 Rh1 59. Rxh1
Bxh1 60. Kb2 Bd5 61. Nc2 Kf7 62. Ne3 Bb3 63. Ng4 h5 64. Ne3 Kf6 65. Nf1 Kxf5
0-1

[Event "Mercredi 2010.11.17 ABCD"]
[Site "Montreal CAN"]
[Date "2010.12.01"]
[Round "3"]
[White "Major, Luc"]
[Black "Sonn, Eric"]
[Result "0-1"]
[WhiteElo "1559"]
[BlackElo "1576"]
[PlyCount "46"]
[EventDate "2010.11.17"]
[EventType "swiss"]
[EventRounds "5"]
[EventCountry "CAN"]

1. c4 e5 2. Nc3 f5 3. d3 Nf6 4. Qc2 d6 5. Nf3 Be7 6. g3 Nbd7 7. Bg2 O-O 8. O-O
c6 9. a3 Qe8 10. b4 a6 11. Bb2 Qh5 12. b5 axb5 13. cxb5 g5 14. h4 Ng4 15. Nh2
Nxh2 16. Kxh2 gxh4 17. Bf3 hxg3+ 18. Kxg3 f4+ 19. Kg2 Qg5+ 20. Kh1 Rf6 21. Bg2
Rg6 22. Bh3 Qh4 23. Kh2 Nc5 0-1

[Event "Mercredi 2010.11.17 ABCD"]
[Site "Montreal CAN"]
[Date "2010.12.01"]
[Round "3"]
[White "Pregent, Daniel"]
[Black "Nardone, Raul"]
[Result "1-0"]
[WhiteElo "1757"]
[BlackElo "1828"]
[PlyCount "57"]
[EventDate "2010.11.17"]
[EventType "swiss"]
[EventRounds "5"]
[EventCountry "CAN"]

1. d4 Nf6 2. Nf3 g6 3. c4 d6 4. Nc3 Bg7 5. h3 O-O 6. e4 e5 7. d5 a5 8. Bg5 Na6
9. Be2 Nc5 10. Nd2 c6 11. Nb3 Qb6 12. Nxc5 Qxc5 13. Be3 Qb4 14. Qd2 c5 15. g4
Bd7 16. g5 Nh5 17. Bxh5 gxh5 18. Qe2 f5 19. gxf6 Rxf6 20. O-O-O Raf8 21. a3 Qb3
22. Rdg1 Kh8 23. Qxh5 Be8 24. Qh4 Rf3 25. Rg2 Qxc4 26. Rhg1 R3f7 27. Bh6 Bxh6+
28. Qxh6 b5 29. Rg7 1-0

[Event "Mercredi 2010.11.17 ABCD"]
[Site "Montreal CAN"]
[Date "2010.12.08"]
[Round "4"]
[White "Baran, Marius"]
[Black "Pozdnyakov, Alexander"]
[Result "1-0"]
[WhiteElo "1662"]
[BlackElo "1636"]
[PlyCount "95"]
[EventDate "2010.11.17"]
[EventType "swiss"]
[EventRounds "5"]
[EventCountry "CAN"]

1. d4 f5 2. Nf3 Nf6 3. c4 e6 4. Nc3 b6 5. g3 Bb4 6. Bd2 Bb7 7. Bg2 O-O 8. O-O
Bxc3 9. Bxc3 Ne4 10. Rc1 Nxc3 11. Rxc3 d6 12. Qd2 Qe8 13. c5 dxc5 14. dxc5 Nc6
15. cxb6 Rd8 16. Qf4 cxb6 17. Ne5 Nd4 18. Qe3 Bxg2 19. Kxg2 Qb5 20. Re1 Qd5+
21. Nf3 Nxf3 22. exf3 Rf6 23. b3 Rd7 24. Rc8+ Rd8 25. Rec1 Qd7 26. R8c7 Qd2 27.
Qxd2 Rxd2 28. Rxa7 h6 29. Rcc7 Rg6 30. Rc8+ Kh7 31. Raa8 Rf6 32. Rc6 e5 33.
Rxf6 gxf6 34. Ra6 Kg6 35. a4 b5 36. axb5 Rd4 37. Ra8 Rb4 38. Rb8 Rxb3 39. b6
Kg7 40. b7 Rb1 41. Kh3 e4 42. g4 fxg4+ 43. fxg4 Rb3+ 44. Kg2 Rb1 45. Kg3 Rb3+
46. Kf4 Rb4 47. Kf5 Kf7 48. Rh8 1-0

[Event "Mercredi 2010.11.17 ABCD"]
[Site "Montreal CAN"]
[Date "2010.12.08"]
[Round "4"]
[White "Frangulian, Eric"]
[Black "Millette, Sylvain"]
[Result "0-1"]
[WhiteElo "1511"]
[BlackElo "1561"]
[PlyCount "60"]
[EventDate "2010.11.17"]
[EventType "swiss"]
[EventRounds "5"]
[EventCountry "CAN"]

1. e4 Nf6 2. e5 Nd5 3. d4 d6 4. c4 Nb6 5. Nf3 Bg4 6. Be2 Nc6 7. exd6 exd6 8.
Na3 Be7 9. O-O O-O 10. b3 Bf6 11. Bb2 Re8 12. Nc2 Re7 13. Qd2 a5 14. a4 Nd7 15.
Rfe1 Qe8 16. Ne3 Bh5 17. Nd5 Qd8 18. Nxf6+ Nxf6 19. d5 Ne4 20. Qf4 Nb4 21. Nd4
Bxe2 22. Rxe2 Nd3 23. Qg4 Nf6 24. Qf3 Nxb2 25. Rxb2 Re4 26. Nf5 Qe8 27. Kf1 Qe5
28. Rbb1 Re8 29. Ng3 Rf4 30. Re1 Ne4 0-1

[Event "Mercredi 2010.11.17 ABCD"]
[Site "Montreal CAN"]
[Date "2010.12.08"]
[Round "4"]
[White "Gauthier, Denis"]
[Black "Luo, Zhao Yang"]
[Result "1-0"]
[WhiteElo "1987"]
[BlackElo "1963"]
[PlyCount "55"]
[EventDate "2010.11.17"]
[EventType "swiss"]
[EventRounds "5"]
[EventCountry "CAN"]

1. d4 Nf6 2. c4 g6 3. Nc3 Bg7 4. e4 d6 5. Bd3 O-O 6. Nge2 c5 7. d5 e6 8. O-O
Re8 9. Bg5 h6 10. Be3 Ng4 11. Bf4 g5 12. Bg3 exd5 13. exd5 Nd7 14. h3 Nge5 15.
f4 gxf4 16. Nxf4 Qg5 17. Ne4 Qe7 18. Qh5 f5 19. Bh4 Qf8 20. Nxd6 Qxd6 21. Qxe8+
Nf8 22. Rae1 Rb8 23. Qe7 Qxe7 24. Bxe7 Nfg6 25. Bd6 Nxf4 26. Bxb8 Nexd3 27.
Re8+ Kf7 28. Rxc8 1-0

[Event "Mercredi 2010.11.17 ABCD"]
[Site "Montreal CAN"]
[Date "2010.12.08"]
[Round "4"]
[White "Gauthier, Luc"]
[Black "Pregent, Daniel"]
[Result "1/2-1/2"]
[WhiteElo "1765"]
[BlackElo "1757"]
[PlyCount "124"]
[EventDate "2010.11.17"]
[EventType "swiss"]
[EventRounds "5"]
[EventCountry "CAN"]

1. e4 c6 2. d4 d5 3. f3 e6 4. Nc3 Ne7 5. Be3 b6 6. Qd2 Ba6 7. Nge2 Nc8 8. e5
Bb4 9. a3 Be7 10. f4 c5 11. O-O-O Nc6 12. Ng3 Bb7 13. Bb5 h5 14. f5 h4 15. Nge2
a6 16. Bxc6+ Bxc6 17. fxe6 fxe6 18. Nf4 Rh6 19. Nce2 c4 20. Nh3 g5 21. Bxg5
Bxg5 22. Nxg5 Rg6 23. Nh7 Qe7 24. Nf6+ Kd8 25. Nf4 Rxf6 26. exf6 Qxf6 27. c3
Nd6 28. Rhf1 Ne4 29. Qe2 Kd7 30. Nxd5 Qg5+ 31. Ne3 Ba4 32. Rf7+ Kd6 33. Rdf1 b5
34. Kb1 Qg6 35. Ka1 Bb3 36. R7f4 Ng5 37. Rf6 Qd3 38. Qxd3 cxd3 39. d5 Bxd5 40.
Nxd5 Kxd5 41. Rd1 Ke5 42. Rh6 Ke4 43. Rxh4+ Ke3 44. Rd4 Rf8 45. R4xd3+ Kf2 46.
h4 Ne4 47. Rf3+ Rxf3 48. gxf3 Kxf3 49. h5 Ke2 50. Rd4 Nf6 51. h6 e5 52. Re4+
Nxe4 53. h7 Nd2 54. Ka2 e4 55. h8=Q e3 56. b4 Nc4 57. Qh1 Kd2 58. Kb3 e2 59.
Qd5+ Ke3 60. Qd4+ Kf3 61. Qf6+ Ke3 62. Qg5+ Kf2 1/2-1/2

[Event "Mercredi 2010.11.17 ABCD"]
[Site "Montreal CAN"]
[Date "2010.12.08"]
[Round "4"]
[White "Giroux, Robert"]
[Black "Dydak, Mateusz"]
[Result "0-1"]
[WhiteElo "1983"]
[BlackElo "1902"]
[PlyCount "94"]
[EventDate "2010.11.17"]
[EventType "swiss"]
[EventRounds "5"]
[EventCountry "CAN"]

1. d4 f5 2. Bg5 d5 3. Nc3 Qd6 4. e3 c6 5. Bf4 Qb4 6. a3 Qb6 7. Nf3 Nf6 8. Ne5
e6 9. Be2 Be7 10. O-O O-O 11. Na4 Qd8 12. Nc5 Ne4 13. Nxe4 fxe4 14. f3 exf3 15.
Bxf3 Nd7 16. Nxd7 Bxd7 17. Be5 Bf6 18. Bd6 Be7 19. Bxe7 Qxe7 20. e4 Qh4 21. Qe2
Rae8 22. g3 Qg5 23. e5 Re7 24. Rad1 Be8 25. Qd2 Qxd2 26. Rxd2 Bg6 27. Rdf2 Rc8
28. Bg4 h5 29. Bd1 c5 30. dxc5 Rxc5 31. Rf8+ Kh7 32. c3 a5 33. Rd8 Rf7 34. Rxf7
Bxf7 35. Bc2+ Bg6 36. Bxg6+ Kxg6 37. Rf8 Rb5 38. Rf2 Rc5 39. Kf1 Rc7 40. Ke2
Rc4 41. Rf3 Re4+ 42. Re3 Kf5 43. b4 Rxe3+ 44. Kxe3 Kxe5 45. h4 Kf5 46. Kf3 e5
47. Ke2 Kg4 0-1

[Event "Mercredi 2010.11.17 ABCD"]
[Site "Montreal CAN"]
[Date "2010.12.08"]
[Round "4"]
[White "Lalonde, Paul"]
[Black "Khudaverdian, Berj"]
[Result "0-1"]
[WhiteElo "1885"]
[BlackElo "1893"]
[PlyCount "102"]
[EventDate "2010.11.17"]
[EventType "swiss"]
[EventRounds "5"]
[EventCountry "CAN"]

1. d4 d6 2. c4 Bf5 3. Nc3 Nf6 4. Nf3 h6 5. g3 Qd7 6. Bg2 c6 7. O-O g5 8. Re1
Na6 9. e4 Bg4 10. e5 dxe5 11. Nxe5 Bxd1 12. Nxd7 Nxd7 13. Rxd1 Rd8 14. Be3 Nab8
15. d5 Nb6 16. dxc6 Nxc6 17. Nd5 Nxd5 18. cxd5 Nb4 19. Bxa7 Bg7 20. Bc5 Na6 21.
Ba3 b5 22. Bf1 b4 23. Bxa6 bxa3 24. Bb5+ Kf8 25. Bc6 Bxb2 26. Rab1 Kg7 27. Re1
Kf6 28. Re3 Rd6 29. Rf3+ Kg7 30. Ba4 Rc8 31. Bb3 Rb8 32. Re1 Rb7 33. Re4 Rf6
34. Rd3 Rfb6 35. Ra4 Rd6 36. Rd1 Rbd7 37. Re1 Rf6 38. Rae4 Kf8 39. Kg2 Rf5 40.
Ra4 Kg7 41. Ra8 g4 42. Re2 h5 43. Rc2 Rf3 44. Rb8 Rd6 45. Rb4 Rdf6 46. Re2 R3f5
47. Rb7 Bd4 48. Rbxe7 Rxf2+ 49. Rxf2 Rxf2+ 50. Kh1 Rf1+ 51. Kg2 Rg1# 0-1

[Event "Mercredi 2010.11.17 ABCD"]
[Site "Montreal CAN"]
[Date "2010.12.08"]
[Round "4"]
[White "Le Bas, Nicolas"]
[Black "Major, Luc"]
[Result "1-0"]
[WhiteElo "1567"]
[BlackElo "1559"]
[PlyCount "65"]
[EventDate "2010.11.17"]
[EventType "swiss"]
[EventRounds "5"]
[EventCountry "CAN"]

1. e4 d6 2. d4 Nf6 3. Nc3 g6 4. Bg5 Bg7 5. f4 O-O 6. e5 dxe5 7. fxe5 Nd5 8. Qd2
Nc6 9. Bc4 Be6 10. Nf3 a6 11. O-O b5 12. Bxd5 Bxd5 13. Nxd5 Qxd5 14. Bh6 Rad8
15. c3 Qe6 16. Qe3 f6 17. Rae1 a5 18. Bxg7 Kxg7 19. exf6+ Rxf6 20. Qxe6 Rxe6
21. Rxe6 Rd6 22. Rxd6 exd6 23. Ng5 Nd8 24. Kf2 d5 25. Ke3 c6 26. b3 h6 27. Nf3
Nf7 28. Ne5 Nd6 29. Kd3 g5 30. c4 a4 31. g4 axb3 32. axb3 b4 33. Ra1 1-0

[Event "Mercredi 2010.11.17 ABCD"]
[Site "Montreal CAN"]
[Date "2010.12.08"]
[Round "4"]
[White "Nardone, Raul"]
[Black "Gates, Claude-Eric"]
[Result "1/2-1/2"]
[WhiteElo "1828"]
[BlackElo "1736"]
[PlyCount "159"]
[EventDate "2010.11.17"]
[EventType "swiss"]
[EventRounds "5"]
[EventCountry "CAN"]

1. Nf3 Nf6 2. c4 e6 3. g3 d5 4. Bg2 Be7 5. O-O O-O 6. b3 c5 7. Bb2 Nc6 8. cxd5
exd5 9. d4 b6 10. dxc5 bxc5 11. Nc3 Be6 12. Rc1 Rc8 13. Qd2 Qa5 14. Na4 Rfe8
15. Rfe1 Ne4 16. Qxa5 Nxa5 17. Ne5 f5 18. Nd3 c4 19. Nf4 Bf7 20. Nxd5 Bf8 21.
f3 Nd6 22. Kf1 cxb3 23. Nf4 Red8 24. e4 fxe4 25. axb3 exf3 26. Bh3 Nxb3 27. Ne6
Rxc1 28. Bxc1 Re8 29. Nxf8 Nxc1 30. Rxc1 Kxf8 31. Nc5 Re7 32. Kf2 Bh5 33. g4
Re2+ 34. Kg3 Bf7 35. Bf1 Ra2 36. Nd7+ Ke7 37. Ne5 Ne4+ 38. Kf4 Bd5 39. Rc8 Kd6
40. Rd8+ Kc5 41. Rxd5+ Kxd5 42. Bc4+ Kd4 43. Bxa2 f2 44. Bc4 Nd2 45. Ba6 f1=Q+
46. Bxf1 Nxf1 47. Nc6+ Kd5 48. Nxa7 Nxh2 49. Nb5 Ke6 50. Nc7+ Kf7 51. Nd5 Nf1
52. Nc3 Nd2 53. Nb5 Nc4 54. Nc7 Nb6 55. Nb5 Nc4 56. Nd4 Nb6 57. Ke5 Nd7+ 58.
Kf4 g6 59. Nb5 h6 60. Nd6+ Ke6 61. Nc8 g5+ 62. Kg3 Ke5 63. Ne7 Nf6 64. Nc6+ Ke4
65. Ne7 Ke5 66. Nc6+ Kd6 67. Nd4 Kd5 68. Nc6 Kd6 69. Nd4 Ke5 70. Nc6+ Ke4 71.
Ne7 Ke5 72. Nc6+ Kd5 73. Ne7+ Ke6 74. Nc6 Kf7 75. Ne5+ Ke6 76. Nc6 Ne4+ 77. Kf3
Nf6 78. Nd4+ Ke5 79. Nc6+ Kd5 80. Nb4+ 1/2-1/2

[Event "Mercredi 2010.11.17 ABCD"]
[Site "Montreal CAN"]
[Date "2010.12.08"]
[Round "4"]
[White "Sasseville, Jean"]
[Black "Plante, Michel"]
[Result "0-1"]
[WhiteElo "1995"]
[BlackElo "2002"]
[PlyCount "38"]
[EventDate "2010.11.17"]
[EventType "swiss"]
[EventRounds "5"]
[EventCountry "CAN"]

1. Nf3 d6 2. d4 g6 3. c4 Bg7 4. Nc3 Bg4 5. e3 c5 6. Be2 Nc6 7. d5 Na5 8. Nd2
Bxe2 9. Qxe2 Nf6 10. O-O O-O 11. Rd1 Qd7 12. Qd3 Ng4 13. f4 Nxe3 14. Re1 Nf5
15. Nde4 a6 16. g3 Rab8 17. a4 Nb3 18. Ra3 Nfd4 19. Be3 Nf3+ 0-1

[Event "Mercredi 2010.11.17 ABCD"]
[Site "Montreal CAN"]
[Date "2010.12.15"]
[Round "5"]
[White "Dardoura, Khaled"]
[Black "Le Bas, Nicolas"]
[Result "1/2-1/2"]
[WhiteElo "1558"]
[BlackElo "1567"]
[PlyCount "100"]
[EventDate "2010.11.17"]
[EventType "swiss"]
[EventRounds "5"]
[EventCountry "CAN"]

1. d4 Nf6 2. c4 g6 3. Nc3 Bg7 4. e4 d6 5. Nf3 O-O 6. Be2 c5 7. d5 e6 8. O-O a6
9. Rb1 exd5 10. exd5 Bf5 11. Bd3 Qd7 12. Re1 Ng4 13. Qc2 Bxd3 14. Qxd3 Ne5 15.
Nxe5 Bxe5 16. Ne4 Qf5 17. Re3 Nd7 18. Rf3 Qh5 19. h3 h6 20. Bf4 Bxf4 21. Rxf4
Qe5 22. Rf3 f5 23. Ng3 Qg7 24. Qc2 b5 25. b3 b4 26. Nh5 Qf7 27. Nf4 Rfe8 28.
Nxg6 Ne5 29. Nxe5 Rxe5 30. Rg3+ Kh7 31. Qd2 Rae8 32. Re3 Rxe3 33. fxe3 Qe7 34.
Re1 Qe4 35. Qf2 f4 36. Kf1 fxe3 37. Qf7+ Kh8 38. Qf3 Kg7 39. Qxe4 Rxe4 40. Ke2
Kf6 41. Kf3 Kf5 42. g4+ Ke5 43. Rxe3 Rxe3+ 44. Kxe3 Kf6 45. Kf4 Kg6 46. h4 a5
47. Ke4 Kf6 48. Kf4 Kg6 49. Ke4 Kf6 50. Kf4 Kg6 1/2-1/2

[Event "Mercredi 2010.11.17 ABCD"]
[Site "Montreal CAN"]
[Date "2010.12.15"]
[Round "5"]
[White "Dydak, Mateusz"]
[Black "Gauthier, Denis"]
[Result "0-1"]
[WhiteElo "1902"]
[BlackElo "1987"]
[PlyCount "72"]
[EventDate "2010.11.17"]
[EventType "swiss"]
[EventRounds "5"]
[EventCountry "CAN"]

1. e4 d5 2. exd5 Nf6 3. Nc3 Nxd5 4. Qf3 c6 5. Bc4 e6 6. Nge2 Nd7 7. d4 Be7 8.
Qg3 N7f6 9. Bd2 O-O 10. h4 b5 11. Nxd5 exd5 12. Bd3 Bd6 13. Bf4 Nh5 14. Qf3
Nxf4 15. Nxf4 Bxf4 16. Qxf4 Re8+ 17. Kf1 Qe7 18. Qd2 Qf6 19. a4 Bd7 20. axb5
cxb5 21. c3 a6 22. Qg5 Qd6 23. h5 h6 24. Qd2 Qf6 25. Re1 Rxe1+ 26. Kxe1 a5 27.
Bc2 Bf5 28. Kd1 b4 29. Ba4 bxc3 30. Qxc3 Rc8 31. Qe3 Rc4 32. b3 Rxd4+ 33. Kc1
Re4 34. Qf3 Qa1+ 35. Kd2 Qb2+ 36. Kd1 Bg4 0-1

[Event "Mercredi 2010.11.17 ABCD"]
[Site "Montreal CAN"]
[Date "2010.12.15"]
[Round "5"]
[White "Gagnon, Serge"]
[Black "Sasseville, Jean"]
[Result "1-0"]
[WhiteElo "2085"]
[BlackElo "1995"]
[PlyCount "31"]
[EventDate "2010.11.17"]
[EventType "swiss"]
[EventRounds "5"]
[EventCountry "CAN"]

1. d4 f5 2. Nc3 Nf6 3. Bg5 d5 4. Nf3 Ne4 5. Nxe4 fxe4 6. Ne5 Bf5 7. f4 Nd7 8.
e3 Nxe5 9. dxe5 Qd7 10. Be2 h6 11. Bh4 O-O-O 12. g4 Bh7 13. f5 g6 14. e6 Qd6
15. Qd4 Rg8 16. Qxa7 1-0

[Event "Mercredi 2010.11.17 ABCD"]
[Site "Montreal CAN"]
[Date "2010.12.15"]
[Round "5"]
[White "Gates, Claude-Eric"]
[Black "Gauthier, Luc"]
[Result "1/2-1/2"]
[WhiteElo "1736"]
[BlackElo "1765"]
[PlyCount "108"]
[EventDate "2010.11.17"]
[EventType "swiss"]
[EventRounds "5"]
[EventCountry "CAN"]

1. e4 Nf6 2. e5 Nd5 3. d4 d6 4. Nf3 dxe5 5. Nxe5 c6 6. Be2 Bf5 7. O-O Nd7 8.
Nf3 e6 9. c4 Nb4 10. a3 Nc2 11. Ra2 Nxd4 12. Qxd4 Bxb1 13. Bg5 f6 14. Rxb1 fxg5
15. Rd1 h6 16. b4 Qc7 17. Bd3 O-O-O 18. Qxa7 Bd6 19. g3 Rhf8 20. Nd4 Rf6 21.
Re2 Be5 22. Nb3 Bd6 23. Red2 Be7 24. Bf1 Rff8 25. Bh3 Rf6 26. Qe3 Qe5 27. Re1
Qxe3 28. Rxe3 Nf8 29. Rde2 Rd1+ 30. Re1 Rxe1+ 31. Rxe1 h5 32. Re3 g4 33. Bf1
Nd7 34. c5 e5 35. h3 Rf3 36. hxg4 Rxe3 37. fxe3 hxg4 38. Bd3 Nf6 39. Kf2 Kc7
40. Bf5 b6 41. Ke2 bxc5 42. Nxc5 Kd6 43. Kd3 Nh5 44. Ne4+ Kd5 45. Bxg4 Nf6 46.
Nxf6+ Bxf6 47. e4+ Kd6 48. Kc4 Bg5 49. a4 Be3 50. Bh5 Bf2 51. g4 Kc7 52. Be8 g5
53. b5 cxb5+ 54. Kxb5 Kb7 1/2-1/2

[Event "Mercredi 2010.11.17 ABCD"]
[Site "Montreal CAN"]
[Date "2010.12.15"]
[Round "5"]
[White "Khudaverdian, Berj"]
[Black "Giroux, Robert"]
[Result "1-0"]
[WhiteElo "1893"]
[BlackElo "1983"]
[PlyCount "111"]
[EventDate "2010.11.17"]
[EventType "swiss"]
[EventRounds "5"]
[EventCountry "CAN"]

1. c3 e5 2. d3 Nf6 3. Bg5 Be7 4. Bxf6 Bxf6 5. Nd2 d5 6. g3 Be6 7. Bg2 c6 8. Qc2
a5 9. a4 Nd7 10. e4 dxe4 11. Nxe4 Be7 12. Ne2 f5 13. Nd2 O-O 14. f4 Bd5 15. O-O
Bc5+ 16. d4 exd4 17. Bxd5+ cxd5 18. cxd4 Bb4 19. Nf3 Qb6 20. Nc3 Rac8 21. Qd3
Bxc3 22. bxc3 Qc6 23. Rfc1 g6 24. Ne5 Nxe5 25. dxe5 Qc5+ 26. Kg2 Qc4 27. Qd2
Qe4+ 28. Kf2 Rfd8 29. Qd4 Rc6 30. Rab1 b6 31. Qxe4 dxe4 32. Rd1 Rxd1 33. Rxd1
Rxc3 34. Rb1 Rc6 35. h3 Kf7 36. g4 h6 37. Rb5 Rc2+ 38. Kg3 Rc3+ 39. Kg2 Rc6 40.
Kf2 Ke6 41. Ke3 Kd7 42. gxf5 gxf5 43. h4 Kc7 44. h5 Rc3+ 45. Kd2 Rc5 46. Rb3
Rc4 47. Rg3 Rxa4 48. Rg7+ Kd8 49. Rg6 Ra2+ 50. Ke3 b5 51. Rxh6 b4 52. Rd6+ Ke7
53. h6 Ra3+ 54. Ke2 b3 55. h7 Ra2+ 56. Ke3 {...} 1-0

[Event "Mercredi 2010.11.17 ABCD"]
[Site "Montreal CAN"]
[Date "2010.12.15"]
[Round "5"]
[White "Major, Luc"]
[Black "Frangulian, Eric"]
[Result "0-1"]
[WhiteElo "1559"]
[BlackElo "1511"]
[PlyCount "144"]
[EventDate "2010.11.17"]
[EventType "swiss"]
[EventRounds "5"]
[EventCountry "CAN"]

1. d4 Nf6 2. c4 g6 3. Nc3 Bg7 4. e4 d6 5. Nf3 O-O 6. Be2 c5 7. dxc5 dxc5 8. O-O
Nc6 9. e5 Ng4 10. Bf4 Ngxe5 11. Nxe5 Nxe5 12. Qxd8 Rxd8 13. Nd5 Kf8 14. Bg5 f6
15. Be3 b6 16. h3 Rb8 17. f4 Nc6 18. Rad1 f5 19. b3 Nd4 20. Bd3 Rd6 21. Rfe1
Rb7 22. Bd2 Be6 23. Kh1 Bxd5 24. cxd5 Rxd5 25. Bc4 Rd6 26. Bc3 Rbd7 27. Rd2 b5
28. Bxd4 Rxd4 29. Rxd4 Rxd4 30. Bxb5 Rxf4 31. Re6 Bd4 32. Ra6 Re4 33. Kh2 Be5+
34. Kg1 Bd4+ 35. Kh2 f4 36. Bc4 Re1 37. h4 Bf2 38. Kh3 Rh1+ 39. Kg4 Rxh4+ 40.
Kf3 Bd4 41. Rxa7 g5 42. g4 Rh3+ 43. Ke4 Re3+ 44. Kd5 f3 45. Ra8+ Kg7 46. Kc6 f2
47. Rg8+ Kh6 48. Rh8 Bf6 49. a4 Re1 50. a5 f1=Q 51. Bxf1 Rxf1 52. a6 Ra1 53.
Kb7 Rb1 54. a7 Rxb3+ 55. Kc6 Ra3 56. a8=Q Rxa8 57. Rxa8 c4 58. Kd5 c3 59. Ke4
Kg6 60. Rc8 h5 61. gxh5+ Kxh5 62. Kf3 g4+ 63. Kg3 Be5+ 64. Kg2 Kg5 65. Rg8+ Kf4
66. Re8 Bf6 67. Rc8 Ke3 68. Kf1 Bd4 69. Ke1 g3 70. Kd1 g2 71. Rg8 Kf2 72. Rf8+
Bf6 0-1

[Event "Mercredi 2010.11.17 ABCD"]
[Site "Montreal CAN"]
[Date "2010.11.30"]
[Round "5"]
[White "Millette, Sylvain"]
[Black "Sonn, Eric"]
[Result "1-0"]
[WhiteElo "1561"]
[BlackElo "1576"]
[PlyCount "57"]
[EventDate "2010.11.17"]
[EventType "swiss"]
[EventRounds "5"]
[EventCountry "CAN"]

1. Nf3 d5 2. g3 Nf6 3. Bg2 Nbd7 4. d3 e5 5. Bg5 Be7 6. O-O O-O 7. Nbd2 h6 8.
Bxf6 Bxf6 9. e4 c6 10. exd5 cxd5 11. c3 Nb6 12. h3 Bd7 13. Re1 Re8 14. Rc1 Bc6
15. b3 Qd7 16. c4 e4 17. cxd5 Nxd5 18. Nxe4 Bd8 19. Qd2 Bb6 20. d4 a5 21. Ne5
Rxe5 22. dxe5 Qf5 23. Nd6 Qg6 24. Kh2 Nb4 25. Bxc6 bxc6 26. f4 Rd8 27. a3 Qd3
28. Qc3 Qxc3 29. Rxc3 1-0

[Event "Mercredi 2010.11.17 ABCD"]
[Site "Montreal CAN"]
[Date "2010.12.15"]
[Round "5"]
[White "Plante, Michel"]
[Black "Levkovsky, Alexandre"]
[Result "1/2-1/2"]
[WhiteElo "2002"]
[BlackElo "2238"]
[PlyCount "99"]
[EventDate "2010.11.17"]
[EventType "swiss"]
[EventRounds "5"]
[EventCountry "CAN"]

1. d4 d5 2. Nf3 b5 3. e3 a6 4. Nbd2 Nf6 5. Ne5 e6 6. Bd3 c5 7. c3 Bb7 8. O-O
Nc6 9. f4 cxd4 10. exd4 Qb6 11. Ndf3 Be7 12. Qe2 Ne4 13. Bxe4 dxe4 14. Ng5 Bxg5
15. Nxc6 Bf6 16. Ne5 g6 17. Be3 Qd6 18. Rfc1 O-O 19. b3 Bg7 20. c4 f6 21. c5
Qe7 22. c6 Bc8 23. Ng4 Rd8 24. Rc5 h5 25. Nf2 f5 26. Re5 b4 27. Qc4 a5 28. Nh3
Bxe5 29. fxe5 Ba6 30. Qc1 Rd5 31. Nf4 Kh7 32. Nxd5 exd5 33. Bg5 Qa7 34. Qd2 Rc8
35. Rc1 Qb6 36. Be7 Bb5 37. Bc5 Qxc6 38. Qg5 Qd7 39. Re1 Rxc5 40. dxc5 d4 41.
Qf6 d3 42. e6 d2 43. Rd1 Qd3 44. h4 Qe3+ 45. Kh2 Qf4+ 46. Kh1 e3 47. Qf7+ Kh6
48. Qf8+ Kh7 49. Qf7+ Kh6 50. Qf8+ 1/2-1/2

[Event "Mercredi 2010.11.17 ABCD"]
[Site "Montreal CAN"]
[Date "2010.12.15"]
[Round "5"]
[White "Pozdnyakov, Alexander"]
[Black "Nardone, Raul"]
[Result "0-1"]
[WhiteElo "1636"]
[BlackElo "1828"]
[PlyCount "111"]
[EventDate "2010.11.17"]
[EventType "swiss"]
[EventRounds "5"]
[EventCountry "CAN"]

1. f4 d5 2. Nf3 Nf6 3. e3 g6 4. Be2 Bg7 5. O-O O-O 6. d3 c6 7. Qe1 Nbd7 8. Ne5
Qc7 9. d4 Ne4 10. Nd2 Nxd2 11. Bxd2 Nxe5 12. fxe5 f6 13. c4 Be6 14. exf6 exf6
15. cxd5 Bxd5 16. Bf3 Bxf3 17. Rxf3 f5 18. Qh4 Qd8 19. Qf4 Re8 20. Bc3 Re4 21.
Qg3 Qd5 22. a3 Rae8 23. h4 Rg4 24. Qf2 h5 25. Rg3 Ree4 26. Rxg4 Rxg4 27. Re1
Bf6 28. e4 Rxe4 29. Rxe4 Qxe4 30. g3 Kf7 31. Kh2 Ke6 32. d5+ Qxd5 33. Qxa7 Bxc3
34. bxc3 Qd2+ 35. Kh3 Qd5 36. Kh2 Qd2+ 37. Kg1 Qd1+ 38. Kg2 Qe2+ 39. Kh3 Qg4+
40. Kh2 f4 41. gxf4 Qxh4+ 42. Kg1 Qg3+ 43. Kh1 Qxf4 44. Qxb7 Qc1+ 45. Kh2 Qxc3
46. Qc8+ Ke7 47. Qc7+ Kf6 48. Qd8+ Kf5 49. Qf8+ Kg4 50. Qc8+ Kh4 51. a4 Qc2+
52. Kg1 Qxa4 53. Qd8+ g5 54. Qd2 Qg4+ 55. Kh1 Qf3+ 56. Kh2 0-1